• 首页
  • 本馆介绍
  • 公告通知
  • 最新文献
  • 馆藏检索
  • 电子资源
  • 读者导购
  • 参考咨询
  • 我的图书馆
  • 登录
  • 详细信息显示
  • 放入我的书架
  • 预约/预借图书
  • 作者相关作品
  • 分类相关作品
  • 丛书相关作品
  • 出版社相关作品

书目信息

  • 表格格式
  • 工作单格式
  • 卡片格式
题名:
保教知识与能力
    
 
作者: ;教师资格考试统编教材题库编委会 主编
分册:   幼儿园
出版信息: 北京   高等教育出版社  2019.07
页数: 324页
开本: 26cm
丛书名:
单 册:
中图分类: G61
科图分类:
主题词: 学前教育--幼教人员--资格考试--自学参考资料
电子资源:
ISBN: 978-7-04-051975-4
000 01045nam0 2200253 450
001 0103152645
005 20201104094148.20
010    @a978-7-04-051975-4@dCNY60.00
100    @a20190822e20202019em y0chiy50 ea
101 0  @achi
102    @aCN@b110000
105    @ay z 000yy
106    @ar
200 1  @a保教知识与能力@Abao jiao zhi shi yu neng li@i幼儿园@f教师资格考试统编教材题库编委会主编
205    @a2版
210    @a北京@c高等教育出版社@d2019.07@h2020.02
215    @a324页@d26cm
300    @a国家教师资格考试指定用书高教社考试
330    @a本书按考试大纲划分模块,对核心考点进行提炼讲解,并辅以经典真题、经典例题予以强化,模块后的强化过关训练用以查漏补缺。内容包括:学前儿童发展、学前教育原理、生活指导、环境创设、游戏活动的指导、教育活动的组织与实施等七大模块。
606 0  @a学前教育@x幼教人员@x资格考试@j自学参考资料
690    @aG61@v5
711 02 @a教师资格考试统编教材题库编委会@Ajiao shi zi ge kao shi tong bian jiao cai ti ku bian wei hui@4主编
801  0 @aCN@bBJSZM@c20201103
905    @b1255596-600@dG61@e1039=2@f5
    
    保教知识与能力.幼儿园/教师资格考试统编教材题库编委会主编.-2版.-北京:高等教育出版社,2019.07(2020.02)
    324页;26cm
    国家教师资格考试指定用书高教社考试
    
    ISBN 978-7-04-051975-4:CNY60.00
    本书按考试大纲划分模块,对核心考点进行提炼讲解,并辅以经典真题、经典例题予以强化,模块后的强化过关训练用以查漏补缺。内容包括:学前儿童发展、学前教育原理、生活指导、环境创设、游戏活动的指导、教育活动的组织与实施等七大模块。
●
相关链接 在E读中查询图书 在五车中查询图书 在当当中查询图书 在豆瓣中查询图书


正题名:保教知识与能力     索取号:G61/1039=2         预约/预借

序号 登录号 条形码 馆藏地/架位号 状态 备注
1 1255596   212555965   第一样本阅览室/ [索取号:G61/1039=2] 在馆    
2 1255597   212555974   教育系资料室/ [索取号:G61/1039=2] 在馆    
3 1255598   212555983   教育系资料室/ [索取号:G61/1039=2] 在馆    
4 1255599   212555992   第四借阅区/ [索取号:G61/1039=2] 在馆    
5 1255600   212556009   第四借阅区/ [索取号:G61/1039=2] 在馆    
唐山师范学院图书馆 欢迎您!
大连网信软件有限公司© 版权所有